| 000 | 00899nam a2200241 a 4500 | ||
|---|---|---|---|
| 001 | 82208 | ||
| 003 | BD-RjUL | ||
| 005 | 20231030155646.0 | ||
| 008 | 231030s2013 bg ab||| m||| 00| 0 eng d | ||
| 035 | _a(BD-RjUL)82208 | ||
| 040 |
_aBD-RjUL _beng _cBD-RjUL _dBD-RjUL |
||
| 041 | _aeng | ||
| 082 |
_223 _a307.7609 _bISU 2013 |
||
| 100 |
_aIslam, Sangida _99794 |
||
| 245 | 1 | 0 |
_aUrbanization in North-Western Regions of Bangladesh / _cSangida Islam _6Supervised : M. Abdur Rahman |
| 260 |
_aRajshahi : _bDepartment of Geography and Environmental Studies,University of Rajshahi _c2013 |
||
| 300 |
_a[17], 140 leaves : _bill.; _c29 cm. |
||
| 502 | _aThesis(M.Phil.)-- Department of Geography and Environmental Studies,University of Rajshahi,2013 | ||
| 504 | _aBibliography : Leaves 101-114 | ||
| 650 |
_aUrbanization _zBangladesh |
||
| 700 |
_aRahman, M. Abdur, Supervised _99795 |
||
| 942 |
_2ddc _cTHE |
||
| 999 |
_c82208 _d82208 |
||